|
|
|
|
| LEADER |
00953nam a2200253 a 4500 |
| 001 |
2052042 |
| 008 |
110407s1994 njua 001 0 eng d |
| 010 |
|
|
|a 93034289
|
| 020 |
|
|
|a 0130264601
|
| 020 |
|
|
|a 0130125768
|
| 040 |
|
|
|a DLC
|c DLC
|d DLC
|d BD-DhAAL.
|
| 082 |
0 |
0 |
|a 005.13/3
|2 20
|
| 100 |
1 |
|
|a Staugaard, Andrew C.
|
| 245 |
1 |
0 |
|a Structuring techniques :
|b an introduction using C++ /
|c by Andrew C. Staugaard, Jr.
|
| 260 |
|
|
|a Englewood Cliffs, N.J. :
|b Prentice Hall,
|c c1994.
|
| 300 |
|
|
|a xvi, 746 p. :
|b ill. ;
|c 24 cm.
|
| 500 |
|
|
|a "An Alan R. Apt book."
|
| 500 |
|
|
|a Includes index.
|
| 541 |
|
|
|e 00012353
|
| 650 |
|
0 |
|a Structured programming.
|
| 650 |
|
0 |
|a C++ (Computer program language)
|
| 852 |
4 |
|
|a Ayesha Abed Library
|j General shelf.
|
| 999 |
|
|
|c 10681
|d 10681
|
| 952 |
|
|
|0 0
|1 0
|2 ddc
|4 0
|6 005_133000000000000_STA
|7 0
|9 16052
|a BRACUL
|b BRACUL
|c GEN
|d 2011-04-11
|l 0
|o 005.133 STA
|p 3010012353
|r 2011-04-11
|t 1
|w 2011-04-11
|y BK
|x Price not available in Register
|